| 000 | 003520000a22001570004500 | ||
|---|---|---|---|
| 003 | MACL | ||
| 040 | _aMACL | ||
| 090 |
_c2488 _d2488 |
||
| 100 | _aGaur, S. | ||
| 245 |
_aGlobal Environmental Crises _bHazard And Risk Management |
||
| 260 |
_bBook Enclave _c2006 |
||
| 350 | _a670 | ||
| 650 | _aSocial Science | ||
| 942 |
_cBOOK _k333 |
||
| 951 | _o333 BOOK | ||
| 999 |
_c2469 _d2469 |
||